000
00294nam a2200121Ia 4500
008
190216s9999||||xx |||||||||||||| ||und||
100
_a
Atkinson
245
3
_a
An Introduction To Numerical Analysis
260
_b
John Wiley & Sons
_c
1978
300
_a
587
650
_a
Mathematics
942
_c
BK
999
_c
30614
_d
30614